Breve historia del pensamiento antiguo /

Guardado en:
Autor Principal: Mondolfo Rodolfo
Formato: Libro
Publicado: Buenos Aires : Losada, 1974
Edición:4a. ed.
Series:Bibl. Cl sica Comtepor nea,112
Materias:
Etiquetas: Agregar Etiqueta
Sin Etiquetas, Sea el primero en etiquetar este registro!
LEADER 00623nam a22002295a 4500
001 CEM.cems004490
005 20060214000000.0
008 130507s1974##################000#0#####d
003 CEMS
082 0 4 |a 180 
100 1 |a Mondolfo Rodolfo 
245 1 0 |a Breve historia del pensamiento antiguo / 
250 |a 4a. ed. 
260 |a Buenos Aires :  |b Losada,  |c 1974 
300 |a 112 p. 
490 0 |a Bibl. Cl sica Comtepor nea,112 
653 |a Ecleticismo 
653 |a Epicureismo 
653 |a Estoicismo 
653 |a Filosofia 
653 |a Filosofia antigua 
859 |a CEMS  |b BIB. CEMS - 11 de abril  |h 180  |i M745-3a4  |p 8753.81  |t Ej.1